00000000cisi 2200000zi 4500
0019.954941
003CaOODSP
00520260410113913
006s|| p      f0    |
006m     o  h f      
007cr nna||||||||
007sz |||||||||||
008250908c20249999quc|||| o      || | fre d
040 |aCaOODSP|bfre|erda|cCaOODSP
043 |an-cn---
0861 |aTT2-15F-MP3
1102 |aOffice des transports du Canada.|eauteur,|eorganisme de publication.
24510|aObligations de faire rapport en vertu de la Loi sur la lutte contre le travail forcé et le travail des enfants dans les chaînes d'approvisionnement ... / |cOffice des transports du Canada.
264 1|aGatineau, Québec : |bOffice des transports du Canada, |c[2024]-
310 |aAnnuel
336 |aparole prononcée|bspw|2rdacontent/fre
337 |aaudio|bs|2rdamedia/fre
337 |ainformatique|bc|2rdamedia/fre
338 |aressource en ligne|bcr|2rdacarrier/fre
3621 |aParaît depuis: 2023/2024.
500 |aPublié aussi en anglais sous le titre :Reporting obligations under the Fighting Against Forced Labour and Child Labour in Supply Chains Act.
500 |aDisponible en streaming audio ou en fichier MP3 téléchargeable.
500 |aÉgalement disponible au format PDF.
538 |aMode d'accès : World Wide Web.
588 |aDescription d'après : 2023/2024.
588 |aDernière livraison consultée : 2023/2024.
61026|aOffice des transports du Canada |vPériodiques.
61016|aCanada. |tLoi sur la lutte contre le travail forcé et le travail des enfants dans les chaînes d'approvisionnement |vPériodiques.
650 6|aTravail forcé|zCanada|xPrévention|vPériodiques.
650 6|aEnfants|xTravail|zCanada|xPrévention|vPériodiques.
655 7|aEnregistrements sonores|2rvmgf
655 7|aPériodiques|2rvmgf
77508|tReporting obligations under the Fighting Against Forced Labour and Child Labour in Supply Chains Act / |w(CaOODSP)9.954942
7760#|tObligations de faire rapport en vertu de la Loi sur la lutte contre le travail forcé et le travail des enfants dans les chaînes d'approvisionnement / |w(CaOODSP)9.939206